Právní předpisy a metodické pokyny pro československou soustavu VTEI
Guardado en:
| Autor principal: | |
|---|---|
| Formato: | Libro |
| Lenguaje: | checo |
| Publicado: |
Praha
Ústředí vědeckých, technických a ekonomických informací
1988
|
| Etiquetas: |
Sin Etiquetas, Sea el primero en etiquetar este registro!
|
MARC
| LEADER | 00000nam a2200000 4500 | ||
|---|---|---|---|
| 001 | c034508 | ||
| 005 | 20250926120908.6 | ||
| 041 | 0 | |a cze | |
| 044 | |a CZ | ||
| 245 | 1 | 0 | |a Právní předpisy a metodické pokyny pro československou soustavu VTEI |c Jiří Maštalka |
| 264 | 1 | |a Praha |b Ústředí vědeckých, technických a ekonomických informací |c 1988 | |
| 300 | |a 207 s. | ||
| 100 | 1 | |a Maštalka, Jiří | |